Sports Quiz

Random Sports or NFL Quiz

2014-2015 NFL Starting Quarterbacks Quiz Stats

 Plays Quiz not verified by Sporcle

Score 0/54 Timer 05:00
0 Plays Today
Hint Answer % Correct
New England PatriotsTom Brady
96.7%
Denver BroncosPeyton Manning
95.3%
New York GiantsEli Manning
95%
New York JetsGeno Smith
92.3%
Baltimore RavensJoe Flacco
92%
Kansas City ChiefsAlex Smith
91.7%
Dallas CowboysTony Romo
90.2%
Cincinnati BengalsAndy Dalton
89.4%
Miami DolphinsRyan Tannehill
89.2%
Indianapolis ColtsAndrew Luck
87.9%
Green Bay PackersAaron Rodgers
86.5%
Pittsburgh SteelersBen Roethlisberger
85.2%
San Diego ChargersPhilip Rivers
85%
New Orleans SaintsDrew Brees
85%
Cleveland BrownsJohnny Manziel
84.9%
Seattle SeahawksRussell Wilson
84.9%
Carolina PanthersCam Newton
84.4%
Buffalo BillsEJ Manuel
83.7%
Chicago BearsJay Cutler
83.4%
Atlanta FalconsMatt Ryan
82.2%
Houston TexansRyan Fitzpatrick
81.5%
Oakland RaidersDerek Carr
81.4%
Detroit LionsMatthew Stafford
81.4%
Arizona CardinalsCarson Palmer
81.2%
Philadelphia EaglesNick Foles
79.7%
San Francisco 49ersColin Kaepernick
79.7%
Jacksonville JaguarsBlake Bortles
79.4%
Hint Answer % Correct
Cleveland BrownsBrian Hoyer
78.5%
New York JetsMichael Vick
77.9%
Minnesota VikingsTeddy Bridgewater
77.9%
Philadelphia EaglesMark Sanchez
77.2%
Washington RedskinsKirk Cousins
73.4%
Buffalo BillsKyle Orton
72.2%
Washington RedskinsRobert Griffin III
72%
Tampa Bay BucanneersJosh McCown
71.4%
Minnesota VikingsMatt Cassel
66.9%
Washington RedskinsColt McCoy
64.4%
Tennessee TitansJake Locker
63.1%
Dallas CowboysBrandon Weeden
62.6%
Jacksonville JaguarsChad Henne
61.1%
Tennessee TitansZach Mettenberger
57.7%
Tampa Bay BucanneersMike Glennon
57.1%
Minnesota VikingsChristian Ponder
56.6%
Arizona CardinalsDrew Stanton
56.1%
St. Louis RamsAustin Davis
53.2%
Carolina PanthersDerek Anderson
52.1%
Houston TexansCase Keenum
50.7%
St. Louis RamsShaun Hill
49.6%
Chicago BearsJimmy Clausen
49.3%
Houston TexansRyan Mallett
46.6%
Arizona CardinalsRyan Lindley
46.6%
Tennessee TitansCharlie Whitehurst
43.9%
Kansas City ChiefsChase Daniel
40.9%
Cleveland BrownsConnor Shaw
30.4%

You're not logged in!

Compare scores with friends on all Sporcle quizzes.
OR
Log In

Sporcle TV

Today on Sporcle TV


Watch our educational content, quiz creation guides, and fun videos on Sporcle TV.

Show Comments

Extras

Top Quizzes Today


Score Distribution

Your Account Isn't Verified!

In order to create a playlist on Sporcle, you need to verify the email address you used during registration. Go to your Sporcle Settings to finish the process.

Report this User

Report this user for behavior that violates our Community Guidelines.

Details: